[Event "SVK-chT3A2 2122"]
[White "Hornak, Pavol"]
[Black "Smrek, Peter"]
[Site "Slovakia"]
[Round "9.3"]
[Result "1/2-1/2"]
[Date "2022.02.13"]
[WhiteElo "1780"]
[BlackElo "1688"]
[PlyCount "128"]
[EventDate "2021.10.10"]
[EventType "team-tourn"]
[EventRounds "11"]
[EventCountry "SVK"]
[SourceTitle "EXT 2023"]
[Source "ChessBase"]
[SourceDate "2022.10.05"]
[SourceVersion "1"]
[SourceVersionDate "2022.10.05"]
[SourceQuality "1"]
[WhiteTeam "Cifer II"]
[BlackTeam "Vrbove"]
[WhiteTeamCountry "SVK"]
[BlackTeamCountry "SVK"]

1. d4 Nf6 2. c4 g6 3. Nc3 Bg7 4. e4 d6 5. h3 c6 6. Nf3 a5 7. Be2 Na6 8. 0-0 0-0 9. a3 Bd7 10. Bg5 Ne8 11. Bd3 f6 12. Be3 e5 13. Qd2 Nac7 14. Rac1 b5 15. Rfd1 exd4 16. Nxd4 b4 17. Nce2 c5 18. Nf3 Ba4 19. Bc2 Bxc2 20. Qxc2 Qe7 21. Ng3 Rf7 22. Qd2 Bf8 23. Qd3 Ng7 24. Bf4 Ra6 25. Re1 Nce6 26. Bd2 Qd8 27. Rcd1 Qb8 28. Nf1 a4 29. Rb1 Rb7 30. Qc2 bxa3 31. bxa3 Rb3 32. Rxb3 Qxb3 33. Qxb3 axb3 34. Bc1 Ra4 35. N1d2 Nd4 36. Nxd4 cxd4 37. Bb2 Ne6 38. Nxb3 Rxc4 39. Rc1 Rxc1+ 40. Nxc1 Nc5 41. Bxd4 Nxe4 42. f3 Nd2 43. Bxf6 d5 44. a4 Bc5+ 45. Kh1 Kf7 46. Bg5 Nc4 47. Nd3 Ba7 48. g4 Ke6 49. Kg2 d4 50. Kf2 Kd5 51. Ke2 Nb6 52. Nb2 Nc4 53. Nd3 Bb6 54. h4 Ba5 55. h5 gxh5 56. Nf4+ Ke5 57. Nxh5 Nb2 58. Bd2 d3+ 59. Ke1 Bxd2+ 60. Kxd2 Kd4 61. Nf4 Nc4+ 62. Kd1 d2 63. a5 Ke3 64. Nd5+ Kd3 1/2-1/2

[Event "SVK-chT4 A21 1516"]
[White "Smrek, Peter"]
[Black "Kanka, Tomas"]
[Site "Slovakia"]
[Round "11.3"]
[Result "1-0"]
[Date "2016.04.03"]
[WhiteElo "1807"]
[BlackElo "1704"]
[PlyCount "71"]
[EventDate "2015.10.04"]
[EventType "team-tourn"]
[EventRounds "11"]
[EventCountry "SVK"]
[SourceTitle "EXT 2018"]
[Source "ChessBase"]
[SourceDate "2017.10.13"]
[SourceVersion "1"]
[SourceVersionDate "2017.10.13"]
[SourceQuality "1"]
[WhiteTeam "Vrbove III"]
[BlackTeam "Gbely Nafta III"]
[WhiteTeamCountry "SVK"]
[BlackTeamCountry "SVK"]

1. c4 e5 2. Nc3 Nf6 3. d3 Be7 4. g3 0-0 5. Bg2 d6 6. e4 Be6 7. h3 Nc6 8. Nge2 Rb8 9. 0-0 a6 10. f4 exf4 11. gxf4 Qc8 12. Kh2 Bd7 13. a4 Nb4 14. Ng3 c6 15. a5 Bd8 16. Be3 c5 17. e5 dxe5 18. fxe5 Ne8 19. Qh5 g6 20. Qe2 Ng7 21. Bh6 Re8 22. Nd5 Nxd5 23. cxd5 Nf5 24. Nxf5 Bxf5 25. Bf4 Bc7 26. d4 cxd4 27. Rac1 Qd7 28. Rxc7 Qxc7 29. e6 Qd8 30. exf7+ Kxf7 31. Qc4 Rc8 32. Qxd4 Qxa5 33. d6 Qb5 34. Bd5+ Be6 35. Bh6+ Qxf1 36. Qg7# 1-0

[Event "SVK-chT4 A21 1516"]
[White "Slaba, Andrea"]
[Black "Smrek, Peter"]
[Site "Slovakia"]
[Round "1.2"]
[Result "0-1"]
[Date "2015.10.04"]
[WhiteElo "1651"]
[BlackElo "1808"]
[PlyCount "80"]
[EventDate "2015.10.04"]
[EventType "team-tourn"]
[EventRounds "11"]
[EventCountry "SVK"]
[SourceTitle "CBM 170 Extra"]
[Source "ChessBase"]
[SourceDate "2016.02.25"]
[SourceVersion "1"]
[SourceVersionDate "2016.02.25"]
[SourceQuality "1"]
[WhiteTeam "Chtelnica Kamenar"]
[BlackTeam "Vrbove III"]
[WhiteTeamCountry "SVK"]
[BlackTeamCountry "SVK"]

1. Nf3 Nc6 2. g3 g6 3. Bg2 Bg7 4. 0-0 Nf6 5. c4 e5 6. d3 h6 7. Nc3 d6 8. Rb1 a5 9. a3 Bd7 10. b4 axb4 11. axb4 Ra7 12. b5 Ne7 13. Qb3 0-0 14. Nd2 c6 15. Nde4 Nxe4 16. Nxe4 Be6 17. Rd1 d5 18. Nc5 Bc8 19. b6 Ra8 20. Ba3 Nf5 21. e3 d4 22. e4 Nd6 23. Bb2 f5 24. f3 f4 25. g4 Kh7 26. Ra1 Rxa1 27. Rxa1 h5 28. h3 Qh4 29. Ba3 Rf6 30. Na4 Nf7 31. Be7 Ng5 32. Bxf6 Bxf6 33. Qc2 Nxh3+ 34. Bxh3 Qxh3 35. gxh5 Qxf3 36. hxg6+ Kg7 37. Nc5 Bh3 38. Qf2 Qg4+ 39. Kh2 Bh4 40. Qg1 Bg3+ 0-1

[Event "SVK-chT3A2 1415"]
[White "Smrek, Peter"]
[Black "Merva, Frantisek"]
[Site "Slovakia"]
[Round "11.6"]
[Result "0-1"]
[Date "2015.03.22"]
[WhiteElo "1831"]
[BlackElo "2045"]
[PlyCount "74"]
[EventDate "2014.10.19"]
[EventType "team-tourn"]
[EventRounds "11"]
[EventCountry "SVK"]
[SourceTitle "EXT 2019"]
[Source "ChessBase"]
[SourceDate "2018.10.10"]
[SourceVersion "1"]
[SourceVersionDate "2018.10.10"]
[SourceQuality "1"]

1. e4 c5 2. Nf3 d6 3. d4 cxd4 4. Nxd4 Nf6 5. Nc3 a6 6. Be2 e5 7. Nf3 Nc6 8. h3 Be7 9. Be3 Be6 10. Qd2 Rc8 11. Rd1 b5 12. a3 Na5 13. Ng5 Bc4 14. Nd5 Nxd5 15. exd5 Bxe2 16. Qxe2 Bxg5 17. f4 Bh4+ 18. Kd2 Nc4+ 19. Kc1 0-0 20. Kb1 Nxe3 21. Qxe3 exf4 22. Qxf4 Bf6 23. g4 Be5 24. Qf5 Rc4 25. Rhf1 Qc8 26. c3 Qxf5+ 27. Rxf5 Rf4 28. Rxf4 Bxf4 29. Kc2 Rc8 30. Re1 Be5 31. Kb3 Rc4 32. Re3 g6 33. Kc2 f5 34. gxf5 gxf5 35. b3 Rc7 36. Rf3 f4 37. Kd2 Kf7 0-1

[Event "SVK-chT3A2 1415"]
[White "Smrek, Peter"]
[Black "Skapikova, Lubica"]
[Site "Slovakia"]
[Round "10.2"]
[Result "0-1"]
[Date "2015.03.08"]
[WhiteElo "1831"]
[BlackElo "1862"]
[PlyCount "48"]
[EventDate "2014.10.19"]
[EventType "team-tourn"]
[EventRounds "11"]
[EventCountry "SVK"]
[SourceTitle "EXT 2019"]
[Source "ChessBase"]
[SourceDate "2018.10.10"]
[SourceVersion "1"]
[SourceVersionDate "2018.10.10"]
[SourceQuality "1"]

1. c4 e5 2. Nc3 Nc6 3. g3 g6 4. Bg2 Bg7 5. d3 d6 6. Rb1 a5 7. a3 Nge7 8. e3 0-0 9. Nge2 f5 10. f4 Be6 11. Nd5 Rb8 12. Nec3 Na7 13. Nxe7+ Qxe7 14. Qa4 exf4 15. Qxa5 Bxc3+ 16. bxc3 Nc6 17. Bxc6 bxc6 18. Rxb8 Rxb8 19. Qa7 Rb6 20. 0-0 fxg3 21. hxg3 d5 22. e4 dxe4 23. dxe4 Qc5+ 24. Kg2 Rb2+ 0-1

[Event "SVK-chT4A21 1415"]
[White "Smrek, Peter"]
[Black "Sadlon, Matus"]
[Site "Slovakia"]
[Round "8.3"]
[Result "1/2-1/2"]
[Date "2015.02.01"]
[WhiteElo "1831"]
[BlackElo "1591"]
[PlyCount "126"]
[EventDate "2014.10.12"]
[EventType "team-tourn"]
[EventRounds "11"]
[EventCountry "SVK"]
[SourceTitle "EXT 2022"]
[Source "ChessBase"]
[SourceDate "2021.10.06"]
[SourceVersion "1"]
[SourceVersionDate "2021.10.06"]
[SourceQuality "1"]
[WhiteTeam "Vrbove III"]
[BlackTeam "Brezova"]
[WhiteTeamCountry "SVK"]
[BlackTeamCountry "SVK"]

1. e4 e5 2. Nf3 Nc6 3. Nc3 Nf6 4. Bc4 Be7 5. a3 0-0 6. d3 d6 7. h3 a6 8. Be3 Na5 9. Ba2 c5 10. 0-0 Bd7 11. Nd2 b5 12. f4 exf4 13. Rxf4 Nc6 14. Nd5 Nxd5 15. Bxd5 Bg5 16. Rf3 Bxe3+ 17. Rxe3 Ra7 18. c3 Ne7 19. Ba2 Ng6 20. d4 Qg5 21. Qe1 Bc6 22. Rg3 Qe7 23. Bb1 Rc7 24. d5 Bd7 25. Nf3 Ne5 26. Qe3 Ng6 27. Nd2 Re8 28. Qf3 Qe5 29. Bc2 h5 30. Rf1 Bc8 31. Qf2 Qe7 32. Nf3 Ne5 33. Nxe5 Qxe5 34. Rf3 f6 35. Rf4 Rf8 36. Bd1 Rcf7 37. h4 g6 38. g4 g5 39. hxg5 Qxg5 40. Qg2 Rg7 41. R1f2 Bxg4 42. Bxg4 hxg4 43. Qg3 Qe5 44. Rh2 Kf7 45. Rh4 Rfg8 46. Kg2 Ke7 47. Rhxg4 Rxg4 48. Rxg4 Rxg4 49. Qxg4 Qg5 50. Kf3 Qxg4+ 51. Kxg4 a5 52. b3 Kf8 53. c4 a4 54. bxa4 bxa4 55. Kf4 Ke7 56. Kf5 Kf7 57. Kf4 Kg6 58. Kg4 Kg7 59. Kh5 Kh7 60. Kh4 Kh6 61. Kg4 Kg7 62. Kf3 Kh6 63. Kf4 Kg7 1/2-1/2

[Event "SVK-chT4A21 1415"]
[White "Damborsky, Pavol"]
[Black "Smrek, Peter"]
[Site "Slovakia"]
[Round "7.3"]
[Result "0-1"]
[Date "2015.01.18"]
[WhiteElo "1772"]
[BlackElo "1831"]
[PlyCount "108"]
[EventDate "2014.10.12"]
[EventType "team-tourn"]
[EventRounds "11"]
[EventCountry "SVK"]
[SourceTitle "EXT 2022"]
[Source "ChessBase"]
[SourceDate "2021.10.06"]
[SourceVersion "1"]
[SourceVersionDate "2021.10.06"]
[SourceQuality "1"]
[WhiteTeam "Kopcany"]
[BlackTeam "Vrbove III"]
[WhiteTeamCountry "SVK"]
[BlackTeamCountry "SVK"]

1. e4 e5 2. Nf3 Nc6 3. Bc4 Bc5 4. c3 Nf6 5. d3 h6 6. h3 d6 7. a4 a5 8. Nbd2 Be6 9. Bb5 0-0 10. Bxc6 bxc6 11. 0-0 Qd7 12. Nh2 Nh7 13. Ndf3 f5 14. exf5 Bxf5 15. d4 exd4 16. cxd4 Bb4 17. Be3 Nf6 18. Rc1 Nd5 19. Nh4 Bh7 20. Qg4 Qxg4 21. Nxg4 Nxe3 22. fxe3 h5 23. Nf2 c5 24. Nf3 Rae8 25. Nd1 Bd3 26. Rf2 cxd4 27. Nxd4 Be1 28. Rxf8+ Rxf8 29. Nf3 c5 30. Nf2 Bxf2+ 31. Kxf2 Rb8 32. Kg3 Rxb2 33. Ne1 Be4 34. Rc4 Rb4 35. Rc3 Rxa4 36. Nf3 Kf7 37. Ng5+ Kf6 38. Nxe4+ Rxe4 39. Ra3 a4 40. Kf3 Ke5 41. g3 g5 42. g4 hxg4+ 43. hxg4 Rb4 44. Kg3 d5 45. Kf3 Rb3 46. Rxa4 d4 47. Ra5 Rxe3+ 48. Kf2 Kd5 49. Ra8 Re5 50. Rd8+ Kc4 51. Rf8 d3 52. Rf5 Kd4 53. Rf8 c4 54. Rd8+ Kc3 0-1

[Event "SVK-chT4A21 1314"]
[White "Smrek, Peter"]
[Black "Zlamal, Marek"]
[Site "Slovakia"]
[Round "5.3"]
[Result "1-0"]
[Date "2013.12.08"]
[WhiteElo "1811"]
[BlackElo "1638"]
[PlyCount "67"]
[EventDate "2013.10.06"]
[EventType "team-tourn"]
[EventRounds "11"]
[EventCountry "SVK"]
[SourceTitle "EXT 2022"]
[Source "ChessBase"]
[SourceDate "2021.10.06"]
[SourceVersion "1"]
[SourceVersionDate "2021.10.06"]
[SourceQuality "1"]
[WhiteTeam "Vrbove II"]
[BlackTeam "Skalica III"]
[WhiteTeamCountry "SVK"]
[BlackTeamCountry "SVK"]

1. e4 c5 2. Nf3 Nc6 3. d4 cxd4 4. Nxd4 e5 5. Nb3 Nf6 6. Bg5 Be7 7. Bxf6 Bxf6 8. Nc3 Ne7 9. g3 0-0 10. Bg2 a6 11. Qd2 Qc7 12. 0-0-0 b5 13. f4 exf4 14. e5 Bxe5 15. Bxa8 fxg3 16. hxg3 Bxg3 17. Qd3 Ng6 18. Nd5 Qe5 19. Rdg1 Bh4 20. Nd4 Bg5+ 21. Kb1 Bh6 22. Nf5 Re8 23. Nxh6+ gxh6 24. Qf3 Kg7 25. Rf1 Rf8 26. Rh5 Qe6 27. Qc3+ f6 28. Rhf5 d6 29. Rxf6 Rxf6 30. Rxf6 Qe5 31. Qc7+ Ne7 32. Rf1 Bh3 33. Rg1+ Kf7 34. Qxe7+ 1-0

[Event "SVK-chT4A21 1314"]
[White "Damborsky, Pavol"]
[Black "Smrek, Peter"]
[Site "Slovakia"]
[Round "4.3"]
[Result "0-1"]
[Date "2013.11.17"]
[WhiteElo "1836"]
[BlackElo "1811"]
[PlyCount "78"]
[EventDate "2013.10.06"]
[EventType "team-tourn"]
[EventRounds "11"]
[EventCountry "SVK"]
[SourceTitle "EXT 2022"]
[Source "ChessBase"]
[SourceDate "2021.10.06"]
[SourceVersion "1"]
[SourceVersionDate "2021.10.06"]
[SourceQuality "1"]
[WhiteTeam "Kopcany"]
[BlackTeam "Vrbove II"]
[WhiteTeamCountry "SVK"]
[BlackTeamCountry "SVK"]

1. e4 e5 2. Nf3 Nf6 3. d3 Nc6 4. Be3 d5 5. exd5 Nxd5 6. Bg5 f6 7. Bd2 Bg4 8. Be2 Qd7 9. h3 Be6 10. a3 Bc5 11. c4 Nde7 12. Bc3 a5 13. Nbd2 Nf5 14. Ne4 Be7 15. 0-0 Nfd4 16. Nxd4 Nxd4 17. Bxd4 Qxd4 18. Qc2 f5 19. Nc3 c6 20. Bf3 h5 21. Qe2 Bf7 22. Rae1 Bf6 23. Qc2 g5 24. Qa4 Kf8 25. Qc2 g4 26. hxg4 hxg4 27. Bd1 Qf4 28. g3 Qh6 29. f4 Qh1+ 30. Kf2 Qh2+ 31. Ke3 Qxg3+ 32. Kd2 Rh2+ 33. Ne2 exf4 34. Qb3 Qe3+ 35. Kc2 f3 36. Qxb7 Rd8 37. Qb3 fxe2 38. Kb1 exf1Q 39. Rxf1 Rxb2+ 0-1

[Event "SVK-chT4A21 1213"]
[White "Pericka, Pavol"]
[Black "Smrek, Peter"]
[Site "Slovakia"]
[Round "11.2"]
[Result "1-0"]
[Date "2013.03.17"]
[WhiteElo "1821"]
[BlackElo "1845"]
[PlyCount "205"]
[EventDate "2012.10.14"]
[EventType "team-tourn"]
[EventRounds "11"]
[EventCountry "SVK"]
[SourceTitle "EXT 2022"]
[Source "ChessBase"]
[SourceDate "2021.10.06"]
[SourceVersion "1"]
[SourceVersionDate "2021.10.06"]
[SourceQuality "1"]
[WhiteTeam "Brezova CVC"]
[BlackTeam "Vrbove"]
[WhiteTeamCountry "SVK"]
[BlackTeamCountry "SVK"]

1. e4 c5 2. Bc4 e6 3. Qe2 Nc6 4. Nf3 Nge7 5. Nc3 a6 6. a4 Nd4 7. Nxd4 cxd4 8. Nd1 Nc6 9. c3 Qg5 10. 0-0 Bd6 11. d3 Bf4 12. Bxf4 Qxf4 13. g3 Qg5 14. f4 Qc5 15. Nf2 h5 16. b4 Qa7 17. b5 Na5 18. Ba2 dxc3 19. Rfc1 Qd4 20. Qe1 axb5 21. axb5 c2 22. Bc4 0-0 23. Rxa5 Rxa5 24. Qxa5 d5 25. Rxc2 dxc4 26. dxc4 Rd8 27. Qc7 Qd7 28. Qe5 g6 29. Qf6 b6 30. Ra2 Bb7 31. Ra7 Rc8 32. Qc3 Rc7 33. Ra1 Qc8 34. Rc1 Qa8 35. Qd4 Rc5 36. Nd3 Qa3 37. Ra1 Rxc4 38. Qd8+ Qf8 39. Qxb6 Bxe4 40. Ne5 Qc5+ 41. Qxc5 Rxc5 42. Nd7 Rf5 43. b6 Kg7 44. Ra7 Rb5 45. Rc7 Bd5 46. Kf2 h4 47. Ke3 Rb3+ 48. Kd4 h3 49. Rc2 Bg2 50. Kc5 f6 51. Kd6 Kf7 52. Kc7 g5 53. fxg5 fxg5 54. Ne5+ Kf6 55. Nc6 e5 56. b7 Rxb7+ 57. Kxb7 e4 58. Kb6 Bf3 59. Kc5 e3 60. Kd4 e2 61. Rc1 Bxc6 62. Kd3 Bb5+ 63. Kd2 g4 64. Rc5 Bd3 65. Rc3 Bb5 66. Re3 Kf5 67. Ke1 Bc4 68. Kd2 Bb5 69. Kc3 Ba6 70. Kd4 Kf6 71. Kc5 Kf5 72. Kd6 Bc4 73. Ke7 Bb5 74. Kd6 Bc4 75. Re5+ Kf6 76. Re4 Kf5 77. Rf4+ Kg5 78. Re4 Bd3 79. Re5+ Kf6 80. Kd5 Bc4+ 81. Kd4 Ba6 82. Re3 Kf5 83. Re8 Bb5 84. Re5+ Kf6 85. Re4 Kf5 86. Re3 Kf6 87. Kc3 Kf5 88. Kd2 Bc4 89. Rc3 Bd5 90. Kxe2 Ke4 91. Rc7 Kd4 92. Re7 Bf3+ 93. Kd2 Be4 94. Rd7+ Bd5 95. Ke2 Ke4 96. Re7+ Kf5 97. Ke3 Bb3 98. Kd4 Ba2 99. Re5+ Kf6 100. Ra5 Bb3 101. Ke3 Ke6 102. Kf4 Bd1 103. Rg5 1-0

[Event "SVK-chT4A21 1213"]
[White "Vagovic, Milan"]
[Black "Smrek, Peter"]
[Site "Slovakia"]
[Round "10.3"]
[Result "1-0"]
[Date "2013.03.03"]
[WhiteElo "1725"]
[BlackElo "1845"]
[PlyCount "143"]
[EventDate "2012.10.14"]
[EventType "team-tourn"]
[EventRounds "11"]
[EventCountry "SVK"]
[SourceTitle "EXT 2022"]
[Source "ChessBase"]
[SourceDate "2021.10.06"]
[SourceVersion "1"]
[SourceVersionDate "2021.10.06"]
[SourceQuality "1"]
[WhiteTeam "Chtelnica Kamenar"]
[BlackTeam "Vrbove"]
[WhiteTeamCountry "SVK"]
[BlackTeamCountry "SVK"]

1. d4 Nf6 2. Nf3 g6 3. c4 Bg7 4. e3 d6 5. g3 c6 6. Bg2 Nbd7 7. 0-0 0-0 8. Re1 e5 9. Nc3 e4 10. Nd2 d5 11. f3 exf3 12. Bxf3 dxc4 13. Nxc4 Nb6 14. Ne5 Nfd5 15. Ng4 f5 16. Nf2 Qf6 17. Nxd5 cxd5 18. Nd3 Bd7 19. Qb3 Bc6 20. Nf4 Qd6 21. Bd2 Rfe8 22. Bb4 Qd7 23. Rac1 Nc4 24. Kf2 a5 25. Ba3 a4 26. Qc3 Kf7 27. Nxd5 Bxd5 28. Bxd5+ Qxd5 29. Qxc4 Qxc4 30. Rxc4 Rac8 31. Rec1 Rxc4 32. Rxc4 Bh6 33. Rc3 Ke6 34. b4 Kd5 35. Bc1 Ke4 36. a3 Re7 37. Ke2 g5 38. Rd3 Rc7 39. Bd2 g4 40. b5 Bf8 41. d5 Rd7 42. Rd4+ Ke5 43. Rxa4 Rxd5 44. Bc3+ Ke6 45. b6 Rb5 46. Bd4 Kd5 47. Ra8 Bc5 48. a4 Rxb6 49. Bxc5 Kxc5 50. Ra5+ Kb4 51. Rxf5 Kxa4 52. Rf4+ Rb4 53. e4 Rb2+ 54. Ke3 h5 55. e5+ Kb5 56. Rd4 Rb3+ 57. Ke4 Kc5 58. e6 Rb1 59. Rd2 Re1+ 60. Kf5 Rf1+ 61. Kg6 Re1 62. Kf7 Rf1+ 63. Ke8 Re1 64. e7 b5 65. Kd7 b4 66. e8Q Rxe8 67. Kxe8 b3 68. Ke7 Kc4 69. Kf6 Kc3 70. Rf2 b2 71. Rxb2 Kxb2 72. Kg5 1-0

[Event "Piestany op"]
[White "Smrek, Peter"]
[Black "Seiner, Frantisek"]
[Site "Piestany"]
[Round "8"]
[Result "1/2-1/2"]
[Date "2012.11.18"]
[WhiteElo "1845"]
[BlackElo "1730"]
[PlyCount "82"]
[EventDate "2012.11.12"]
[EventType "swiss"]
[EventRounds "8"]
[EventCountry "SVK"]
[SourceTitle "EXT 2023"]
[Source "ChessBase"]
[SourceDate "2022.10.05"]
[SourceVersion "1"]
[SourceVersionDate "2022.10.05"]
[SourceQuality "1"]

1. e4 c5 2. Nf3 e6 3. d4 cxd4 4. Nxd4 a6 5. Bc4 Qc7 6. Bb3 Nf6 7. Qe2 d6 8. Nc3 e5 9. Nf3 Bg4 10. Bg5 Be7 11. h3 Bh5 12. 0-0-0 Nc6 13. g4 Bg6 14. Bxf6 Bxf6 15. Nd5 Qd8 16. h4 h5 17. g5 Be7 18. Rd3 f5 19. gxf6 Bxf6 20. Nxf6+ Qxf6 21. Rhd1 Qf4+ 22. Re3 Bxe4 23. Kb1 Bxf3 24. Rxf3 Nd4 25. Rxf4 Nxe2 26. Re4 Nf4 27. Rxd6 Ke7 28. Rb6 Rhf8 29. Rxe5+ Kd7 30. Rxb7+ Kd6 31. Ree7 Rae8 32. Rxe8 Rxe8 33. a4 Re1+ 34. Ka2 Rh1 35. Rxg7 Rxh4 36. Rf7 Ne2 37. Rf6+ Kc5 38. Rxa6 Rh1 39. Rh6 h4 40. Be6 Kb4 41. Bd7 Nc1+ 1/2-1/2

[Event "SVK-chT4A21 1213"]
[White "Smrek, Peter"]
[Black "Bartos, Bohumil"]
[Site "Slovakia"]
[Round "3.4"]
[Result "1-0"]
[Date "2012.11.11"]
[WhiteElo "1845"]
[BlackElo "1533"]
[PlyCount "47"]
[EventDate "2012.10.14"]
[EventType "team-tourn"]
[EventRounds "11"]
[EventCountry "SVK"]
[SourceTitle "EXT 2022"]
[Source "ChessBase"]
[SourceDate "2021.10.06"]
[SourceVersion "1"]
[SourceVersionDate "2021.10.06"]
[SourceQuality "1"]
[WhiteTeam "Vrbove"]
[BlackTeam "Skalica II"]
[WhiteTeamCountry "SVK"]
[BlackTeamCountry "SVK"]

1. e4 c5 2. Nf3 Nc6 3. d4 cxd4 4. Nxd4 Nf6 5. Nc3 e5 6. Nxc6 bxc6 7. a3 Be7 8. Be2 0-0 9. 0-0 d5 10. Bf3 Ba6 11. Re1 Bc5 12. exd5 Nxd5 13. Nxd5 cxd5 14. Bxd5 Qb6 15. Qf3 Rae8 16. b4 Bd4 17. c3 e4 18. Rxe4 Bf6 19. Be3 Qc7 20. Rc1 Rd8 21. b5 Bc8 22. g3 Bh3 23. Qh5 Bf5 24. Qxf5 1-0